| Tag |
First Indicator |
Second Indicator |
Subfields |
| LEADER |
00000cam a2200000 a 4500 |
| 001 |
in00000014799 |
| 005 |
20151007052906.0 |
| 008 |
870505s1987 nyu b 00100 eng |
| 010 |
|
|
|a 87012035
|
| 020 |
|
|
|a 031324328X (lib. bdg. : alk. paper)
|
| 035 |
|
|
|a (OCoLC)15792226
|
| 035 |
|
|
|9 AAA9597AM
|
| 040 |
|
|
|a DLC
|c DLC
|d TXA
|d UtOrBLW
|
| 043 |
|
|
|a n-us---
|a e-uk---
|
| 049 |
|
|
|a TXAM
|c 1 [A12609914]
|a TXAS
|c 2 [scif]
|
| 050 |
0 |
0 |
|a PS374.R39
|b P48 1987
|
| 082 |
0 |
|
|a 813/.0876/09
|2 19
|
| 245 |
0 |
0 |
|a Phoenix from the ashes :
|b the literature of the remade world /
|c edited by Carl B. Yoke.
|
| 264 |
|
1 |
|a New York :
|b Greenwood Press,
|c 1987.
|
| 300 |
|
|
|a ix, 247 pages ;
|c 25 cm.
|
| 336 |
|
|
|a text
|b txt
|2 rdacontent
|
| 337 |
|
|
|a unmediated
|b n
|2 rdamedia
|
| 338 |
|
|
|a volume
|b nc
|2 rdacarrier
|
| 490 |
1 |
|
|a Contributions to the study of science fiction and fantasy,
|x 0193-6875 ;
|v no. 30
|
| 504 |
|
|
|a Bibliography: pages 208-231.
|
| 504 |
|
|
|a Filmography: pages [233]-236.
|
| 500 |
|
|
|a Includes index.
|
| 650 |
|
0 |
|a Science fiction, American
|x History and criticism.
|
| 650 |
|
0 |
|a Regeneration in literature.
|
| 650 |
|
0 |
|a End of the world in literature.
|
| 650 |
|
0 |
|a Myth in literature.
|
| 650 |
|
0 |
|a Science fiction, English
|x History and criticism.
|
| 650 |
|
0 |
|a Apocalyptic literature
|x History and criticism.
|
| 700 |
1 |
|
|a Yoke, Carl B.
|
| 830 |
|
0 |
|a Contributions to the study of science fiction and fantasy ;
|v no. 30.
|
| 999 |
|
|
|a MARS
|
| 999 |
f |
f |
|s 45bbf2ba-c912-3575-99d4-4e730731721a
|i 117bd4fc-1d3c-3ed0-9718-09a8d4ff4e67
|t 0
|
| 952 |
f |
f |
|p noncirc
|a Texas A&M University
|b College Station
|c Cushing Memorial Library & Archives
|d Cushing: Science Fiction (Does not check out)
|t 0
|e PS374.R39 P48 1987
|h Library of Congress classification
|i unmediated -- volume
|
| 952 |
f |
f |
|p ric
|a Texas A&M University
|b Rellis Campus
|c Joint Library Facility
|d Remote Storage
|t 0
|e PS374.R39 P48 1987
|h Library of Congress classification
|i unmediated -- volume
|m A14812609914
|
| 998 |
f |
f |
|a PS374.R39 P48 1987
|t 0
|l Cushing: Science Fiction (Does not check out)
|
| 998 |
f |
f |
|a PS374.R39 P48 1987
|t 0
|l Remote Storage
|